00647nam a2200181Ia 450000500170000000800410001702000180005804000180007604100080009408200220010210000190012424501010014325000570024426000440030130000250034565000540037065000410042420220215153802.0210716s2013 xx 000 0 und d a9788131730805 cAIMIT LIBRARY aeng a658.802 25bPRAC aPrahalad, C K. aFortune at the bottom of the pyramid :beradicating poverty through profits.cBy C. K. Prahalad. a5th ed.bRevised and updated 5th anniversary edition aNew Delhi :bPearson Education ,c2013. aXix, 401p. ;c23 cm. aInnovative practices at the bottom of the pyramid aDevelopment as social transformation